1861 1900 1173 1153 1959 1232 1134 1164 1779 1731 1882 1930 1373 1543 1073 1897 1568 1666 1421 1762 1578 1559 1237 1089 1923 1773 1833 1104 1373 1596 1995 1380 1288 1304 1866 1088 1059 1156 1370 1313 1066 1095 1788 1104 1847 1606 1192 1404 1032 1189 1774 1342 1926 1131 1745 1588 1529 1710 1883 1477 1514 1571 1069 1187 1683 1001 1655 1291 1842 1876 1866 1398 1146 1712 1923 1759 1272 1143 1304 1444 1707 1444 1789 1942 1157 1217 1280 1418 1724 1456 1319 1082 1544 1933 1556 1835 1823 1625 1013 BCNSPRNW ULIB Ver.6.0+V

เปลี่ยนเป็นภาษาไทย

Change to English
 แสดงรายละเอียดบรรณานุกรม
  กลับหน้าหลัก

Brief Record : Get Marc (ISO 2709) : E-mail record : QR code < ปิดหน้าต่าง
LEADER : 00000nam 2200000uu 4500
001    13399122739
003     ULIB
008    130909s2556||||th 000 0 tha d
060    ^aWY16^bส192อ
110    ^aสภาการพยาบาล
245    ^aเอกสารประกอบการสัมนาโครงการสร้างเครือข่ายสมาชิกสภาการพยาบาล ประจำปี2556 /^cสภาการพยาบาล
260    ^aนนทบุรี :^bสภาการพยาบาล,^c2556
500    ^aเอกสารประกอบการสัมนา
650    ^aบทบาทสภาการพยาบาล
945    ^p0^l0^i20179
945    ^p0^l0^i20180
945    ^p0^l0^i20181
999    ^aทศพร เกษรทอง
รายการนี้ยังไม่มีแท็ก
คุณยังไม่ได้ล็อกอิน คุณสามารถมีกิจกรรมร่วมกับเว็บไซต์ได้ แต่ต้องล็อกอินก่อน ::
  ล็อกอิน

รายการสื่อสารสนเทศ

ลำดับที่ ประเภท เลขเรียก/บาร์โค้ด สถานที่ สถานะ
1. Book การพยาบาล
Book การพยาบาล
WY16 ส192อ ฉ.1 
  Barcode: 20179
ห้องสมุดวิทยาเขตนครสวรรค์
►หนังสือทั่วไป:l:General Books
บนชั้น
2. Book การพยาบาล
Book การพยาบาล
WY16 ส192อ ฉ.2 
  Barcode: 20180
ห้องสมุดวิทยาเขตนครสวรรค์
►หนังสือทั่วไป:l:General Books
บนชั้น
3. Book การพยาบาล
Book การพยาบาล
สถานะ=หนังสือเก่า
WY16 ส192อ ฉ.3 
  Barcode: 20181
ห้องสมุดวิทยาเขตนครสวรรค์
►ส่วนจัดเก็บหนังสือเก่า นว.
บนชั้น
  ขอยืม

รายการใกล้เคียง
    หัวเรื่อง [บทบาทสภาการพยาบาล]

BibComment


ยังไม่เคยถูกคอมเมนท์

คอมเมนท์ทรัพยากรรายการนี้
  คอมเมนท์: เอกสารประกอบการส..


 Copyright 2026. Bcnsprnw @Library